Name that landmark #2 - Statistics

General Stats
  • This quiz has been taken 22 times
  • The average score is 17 of 22
Answer Stats
Questions Answer % Correct
1) This iconic wrought iron tower sits in the middle of Paris overlooking the Seine river, completed in 1889 Eiffel Tower
100%
5) This iconic bridge connects Marin county to San Francisco across theSan Francisco Bay Golden Gate Bridge
95%
12) Massive canal in Central America that connects the Atlantic and Pacific Oceans, a major route for international shipping Panama Canal
95%
10) This former prison sits on a rocky island in the middle of San Francisco Bay, siteof the infamous escape of 1962 Alcatraz
90%
9) Famous palace in London housing the royal family and HQ of the UK monarchy Buckingham Palace
90%
8) Remote Chilean island in the South Pacific, known for its famous Moai statuesthat dot the landscape Easter Island
90%
17) Freestanding Romanesque bell tower in Italy, famous for being built leaning to one side, completed in 1372 Leaning Tower of Pisa
90%
16) Famous prehistoric stone structure in Wiltshire, UK, constructed around 3100 BC Stonehenge
85%
7) Massive theatrical arts complex in Sydney harbor, known for its curved architectural siding Sydney Opera House
85%
6) Imperial palace complex in Beijing, China that served as the ruling powerof the Ming and Qing dynasties for over 500 years Forbidden City
80%
20) Famous mountain high in the Alps of southern Switzerland, printed on the wrappingof Toblerone chocolate Matterhorn
80%
18) Iconic Medieval Catholic cathedral in Paris dedicated to the Virgin Mary, opened in 1345. Known for its renowned Gothic architecture Notre Dame
80%
13) Historic Spanish mission and compound in San Antonio, TX, which is fondly remembered Alamo
75%
2) Massive neoclassical "gate" monument in Berlin, Germany, completed in 1791 Brandenburg Gate
75%
22) Famous Greek resort island, known for its blue capped domes and white stone houses Santorini
75%
19) Massive waterfall system on the border of Zambia and Zimbabwe Victoria Falls
75%
14) Ancient citadel overlooking the city of Athens, Greece built to honor the goddess Athena Acropolis
70%
11) Famous limestone block built into a castle near Cork, Ireland. Said to bring good fortune and eloquence to those who kiss it Blarney Stone
60%
21) This massive stone memorial honors the 16th president of the US Lincoln Memorial
60%
3) Massive Catholic church in Barcelona, Spain, started in 1882 andis still being completed Sagrada Familia
60%
4) Famous Orthodox church in the Red Square of Moscow, Russia with iconic colorful striped spires St Basils Cathedral
55%
15) Massive, mysterious geoglyphs carved into the sands of the Peruvian desert Nazca Lines
30%
No matching quizzes found
Score Distribution
Percent of People with Each Score
Percentile by Number Answered
Your Score History
You have not taken this quiz